000 00340nam a2200133Ia 4500
008 151001s9999||||xx |||||||||||||| ||und||
100 _a नीलाभ
245 _aखंडहर बोल उठे आजादी
250 _a1
260 _bसदानीरा
260 _c2006
300 _a115
365 _b21
999 _c994921
_d994918